Cinéphiles et cinéphilies : Histoire et devenir de la culture cinématographique (notice n° 1568381)

détails MARC
000 -LEADER
fixed length control field 01505cam a2200145 4500500
005 - DATE AND TIME OF LATEST TRANSACTION
control field 20251214004254.0
041 ## - LANGUAGE CODE
Language code of text/sound track or separate title fre
042 ## - AUTHENTICATION CODE
Authentication code dc
100 10 - MAIN ENTRY--PERSONAL NAME
Personal name Jullier, Laurent
Relator term author
245 00 - TITLE STATEMENT
Title Cinéphiles et cinéphilies : Histoire et devenir de la culture cinématographique
260 ## - PUBLICATION, DISTRIBUTION, ETC.
Name of publisher, distributor, etc. Armand Colin,<br/>
Date of publication, distribution, etc. 2010.<br/>
520 ## - SUMMARY, ETC.
Summary, etc. Ce livre rend compte de la naissance et de l’évolution de la culture cinématographique, appréhendée comme un savoir partagé par tous les consommateurs passionnés de cinéma. Il montre comment la parole cinéphile s’est constituée sur la base de la consommation régulière du grand film, comment sa prolifération a conduit à la constitution d’une cinéphilie académique et à la patrimonialisation du grand fi lm, comment la consommation cinématographique s’est individualisée sous l’effet de la globalisation de l’échange cinématographique et du développement des nouvelles technologies internet et le DVD notamment qui permettent à chacun de construire sa propre cinéphilie. Il s’agit, au-delà d’une vision catastrophiste de la mort du cinéma ou d’une célébration naïve du marché cinématographique, d’une description de la naissance des cadres contemporains de l’expérience cinématographique, de la perception et du jugement de la qualité cinématographique.
700 10 - ADDED ENTRY--PERSONAL NAME
Personal name Leveratto, Jean-Marc
Relator term author
856 41 - ELECTRONIC LOCATION AND ACCESS
Uniform Resource Identifier <a href="https://shs.cairn.info/cinephiles-et-cinephilies--9782200244453?lang=fr&redirect-ssocas=7080">https://shs.cairn.info/cinephiles-et-cinephilies--9782200244453?lang=fr&redirect-ssocas=7080</a>

Pas d'exemplaire disponible.

PLUDOC

PLUDOC est la plateforme unique et centralisée de gestion des bibliothèques physiques et numériques de Guinée administré par le CEDUST. Elle est la plus grande base de données de ressources documentaires pour les Étudiants, Enseignants chercheurs et Chercheurs de Guinée.

Adresse

627 919 101/664 919 101

25 boulevard du commerce
Kaloum, Conakry, Guinée

Réseaux sociaux

Powered by Netsen Group @ 2025